Normal view MARC view
  • Sheharyar (321098)

Entry Personal Name

Number of records used in: 1

001 - CONTROL NUMBER

  • control field: 118275

003 - CONTROL NUMBER IDENTIFIER

  • control field: NUST

005 - DATE AND TIME OF LATEST TRANSACTION

  • control field: 20230928113529.0

008 - FIXED-LENGTH DATA ELEMENTS

  • fixed length control field: 230928|| aca||aabn | a|a d

040 ## - CATALOGING SOURCE

  • Original cataloging agency: NUST
  • Transcribing agency: NUST

100 ## - HEADING--PERSONAL NAME

  • Personal name: Sheharyar (321098)

670 ## - SOURCE DATA FOUND

  • Source citation: Work cat.: (NUST)603242: Sheharyar (321098), Multi Criteria Framework for Sustainable Agriculture Infrastructure : A Techno-economic and Environmental Assessment of Renewable Powered Irrigation System in Pakistan /, 2023
© 2023 Central Library, National University of Sciences and Technology. All Rights Reserved.